[Event "GER-chT U12"]
[Site "Verden an der Aller"]
[Date "2006.12.30"]
[Round "7.3"]
[White "Weber, Clemens"]
[Black "Pitkin, Michaylo"]
[Result "1/2-1/2"]
[WhiteElo "1250"]
[BlackElo "1104"]
[PlyCount "69"]
[EventDate "2006.12.27"]
[EventType "team-swiss"]
[EventRounds "7"]
[EventCountry "GER"]
[SourceTitle "EXT 2008"]
[Source "ChessBase"]
[SourceDate "2007.11.25"]
[SourceVersion "1"]
[SourceVersionDate "2007.11.25"]
[SourceQuality "1"]
[WhiteTeam "Ettlingen U12"]
[BlackTeam "Dresden USV TU U12"]
[WhiteTeamCountry "GER"]
[BlackTeamCountry "GER"]

1. e4 e6 2. d4 d5 3. e5 c5 4. c3 Nc6 5. Nf3 g6 6. Bb5 Bd7 7. 0-0 a6 8. Bxc6 Bxc6 9. Re1 Qb6 10. a3 a5 11. Nbd2 Bg7 12. Rb1 a4 13. Qe2 c4 14. Qe3 Ne7 15. Nf1 Nf5 16. Qe2 0-0 17. Bg5 h6 18. Bf6 Qc7 19. Ng3 Rfe8 20. Nxf5 exf5 21. Qd2 Bxf6 22. exf6 Kh7 23. Ne5 Re6 24. Nxc6 Qxc6 25. Rxe6 Qxe6 26. Qf4 Re8 27. Rf1 Qxf6 28. Qc7 Qe7 29. Qa5 Qd7 30. h3 Qc6 31. Qc5 Qxc5 32. dxc5 Kg7 33. Rd1 Rd8 34. f3 Kf6 35. Rd4 1/2-1/2

[Event "GER-chT U12"]
[Site "Verden an der Aller"]
[Date "2006.12.29"]
[Round "5.3"]
[White "Boehm, Malte"]
[Black "Pitkin, Michaylo"]
[Result "1-0"]
[WhiteElo "600"]
[BlackElo "1104"]
[PlyCount "77"]
[EventDate "2006.12.27"]
[EventType "team-swiss"]
[EventRounds "7"]
[EventCountry "GER"]
[SourceTitle "EXT 2008"]
[Source "ChessBase"]
[SourceDate "2007.11.25"]
[SourceVersion "1"]
[SourceVersionDate "2007.11.25"]
[SourceQuality "1"]
[WhiteTeam "Brackel SF U12"]
[BlackTeam "Dresden USV TU U12"]
[WhiteTeamCountry "GER"]
[BlackTeamCountry "GER"]

1. e4 e6 2. d4 d5 3. e5 c5 4. c3 Nc6 5. Nf3 f6 6. Bf4 Be7 7. Bd3 Qa5 8. 0-0 Bd7 9. Nbd2 0-0-0 10. a3 Qb6 11. Qc2 f5 12. b4 c4 13. Be2 h6 14. h4 Bxh4 15. Nxh4 g5 16. Ng6 Rh7 17. Bg3 Rg7 18. Bh5 Be8 19. Rfb1 Bxg6 20. Bxg6 Rxg6 21. a4 Nge7 22. a5 Qb5 23. Qa4 Qxa4 24. Rxa4 f4 25. Bh2 Rf8 26. Kf1 g4 27. Bg1 g3 28. fxg3 fxg3+ 29. Ke2 Rg4 30. Rf1 Rxf1 31. Nxf1 Nf5 32. Ne3 Nce7 33. Nxg4 h5 34. Ne3 Ng7 35. Kf3 h4 36. Ra1 Ng6 37. Rf1 Nh5 38. Kg4 Nhf4 39. Rf3 1-0